00343nam a2200133Ia 450000500170000000800410001702000150005808200130007324500240008625000090011026000480011930000190016770000230018620240404041502.0240331s9999 xx 000 0 und d a8189487140 bKARa331 0aKarl Marx on India  a1 St aIndia :bAligarh Historians Society /c2006 axviii, 308 p., aHusain, Iqbaleedt